000 00816nam a2200253Ia 4500
003 OSt
005 20220923211204.0
006 a|||||r|||| 00| 0
007 ta
008 Pun
020 _a8190226797 (hbk)
_c120
024 _a243,990
037 _b313, 08/10/2010, H.K. Prakashan
_cTextual
040 _aARTS
_cARTS
_bPun
041 _2Pun
_aPun
082 _aO153,3NPR:g, P6
100 _aਜਿੰਦਰ, ਥਦ.
_9159331
245 0 _aਪ੍ਰੇਮ ਪ੍ਰਕਾF ਇਕ ਗੋਰਖਧੰਦਾ
260 _aਜਲੰਧਰ
_b ਸੁੰਦਰ ਬੁੱਕ ਡਿਪੋ
_c2006
300 _a125ਪੰ
_ccm.
650 _aਪੰਜਾਬੀ ਸਾਹਿਤ
942 _hO153,3NPR:g, P6
_cTEXL
_2CC
999 _c296553
_d296553